[Event "BCF-chT3W 2223 (4NCL)"]
[Site "England"]
[Date "2023.03.18"]
[Round "7.35"]
[White "Key, Tom"]
[Black "Freeland, Alex"]
[Result "0-1"]
[WhiteElo "1595"]
[BlackElo "2093"]
[PlyCount "50"]
[EventDate "2022.10.22"]
[EventType "team-tourn"]
[EventRounds "11"]
[EventCountry "ENG"]
[SourceTitle "EXT 2024"]
[Source "ChessBase"]
[SourceDate "2023.10.10"]
[SourceVersion "1"]
[SourceVersionDate "2023.10.10"]
[SourceQuality "1"]
[WhiteTeam "Chessable White Rose III"]
[BlackTeam "West is Best II"]
[WhiteTeamCountry "ENG"]
[BlackTeamCountry "WLS"]

1. Nf3 d5 2. c4 d4 3. b4 c5 4. Qa4+ Bd7 5. b5 Qc7 6. d3 e5 7. e3 Nf6 8. exd4 exd4 9. g3 Bd6 10. Bg2 0-0 11. 0-0 Bf5 12. Qb3 Nbd7 13. Nh4 Bg4 14. h3 Be2 15. Re1 Rfe8 16. Qc2 Bh5 17. Rxe8+ Rxe8 18. Bd2 Re2 19. g4 Bxg4 20. hxg4 Nxg4 21. Nf3 Bh2+ 22. Kf1 Rxf2+ 23. Ke1 Qg3 24. Nh4 Rf1+ 25. Ke2 Qf2# 0-1